| 000 | 00000nas##2200000za#4500 |
| 001 | 9.506776 |
| 003 | CaOODSP |
| 005 | 20200325125238 |
| 007 | cr ||||||||||| |
| 008 | 150406c2000||||xxc|| p o||||f| |0eng|d |
| 022 | |a1492-8000 |
| 040 | |aCaOODSP|beng |
| 043 | |an-cn--- |
| 086 | 1 |aNE12-5E-PDF |
| 110 | 1 |aCanada. |bNational Energy Board. |
| 245 | 14|aThe ERF connection : |h[electronic resource]|bthe electronic regulatory filing newsletter |
| 246 | 1 |aERF connection |
| 260 | |aCalgary - Alberta : |bNational Energy Board |cc2000-[2001?]. |
| 310 | |aQuarterly |
| 362 | 1 |aNo. 1 (Summer 2000) - |
| 500 | |aCeased with no. 3 (winter 2001). |
| 775 | 08|tLa liaison SDÉ : |w(CaOODSP)9.503171 |
| 776 | 0#|tThe ERF Connection |w(CaOODSP)9.514293 |